Directores de S.A. Sistema de elección por voto acumulativo (Parte 2) (Registro nro. 11303)
[ vista simple ]
| 000 -LEADER | |
|---|---|
| fixed length control field | 00375 a2200121 4500 |
| 001 - CONTROL NUMBER | |
| control field | ART_6052 |
| 005 - DATE AND TIME OF LATEST TRANSACTION | |
| control field | 20260410161618.0 |
| 008 - FIXED-LENGTH DATA ELEMENTS--GENERAL INFORMATION | |
| fixed length control field | 260409a |
| 100 1# - MAIN ENTRY--PERSONAL NAME | |
| Personal name | Senderovich, Isaac Aizik |
| 245 10 - TITLE STATEMENT | |
| Title | Directores de S.A. Sistema de elección por voto acumulativo (Parte 2) |
| 700 1# - ADDED ENTRY--PERSONAL NAME | |
| Personal name | Berenstein, Regina |
| 773 0# - HOST ITEM ENTRY | |
| Title | Enfoques |
| Related parts | - Nº 1 (ene. 2008) |
| Record control number | REV416 |
No hay ítems disponibles.